Potenciál rozvoja cestovného ruchu v zaniknutých kúpeľoch diplomová práca

Salvato in:
Dettagli Bibliografici
Autore principale: Füzyová, Simona
Ente Autore: Obchodná fakulta EU. Katedra služieb a cestovného ruchu - zrušené
Altri autori: Eliašová, Darina
Natura: Libro
Lingua:slovacco
Pubblicazione: Bratislava 2018
Tags: Aggiungi Tag
Nessun Tag, puoi essere il primo ad aggiungerne!!

MARC

LEADER 00000nbm a2200000 4500
001 0243436
005 20180904142642.2
041 0 |a slo 
044 |a SK 
245 1 0 |a Potenciál rozvoja cestovného ruchu v zaniknutých kúpeľoch  |b diplomová práca  |c Simona Füzyová ; školiteľ: Darina Eliašová 
264 1 |a Bratislava  |c 2018 
300 |a 86 s. 
100 1 |a Füzyová, Simona 
700 1 |a Eliašová, Darina 
710 2 |a Obchodná fakulta EU. Katedra služieb a cestovného ruchu - zrušené